Osud banderovců a tragédie řeckokatolické církve

Bibliographic Details
Main Author: Mlynárik, Ján, 1933-2012 (Author)
Format: Book
Language:Czech
PhysicalDescription:95 s. 21 cm
Published: Praha Libri 2005
ISBN:807277204X
Series:Otazníky našich dějin
Subjects:

MARC

LEADER 00000nam a2200000 a 4500
001 vtls008290936
003 SK-MaSNL
005 20260301164401.0
008 251106s2005 xr n 000 0 cze
015 |a SNBZSA2007-00217 
020 |a 807277204X 
035 |a SVKPOKN102415 
035 |a urn:nbn:sk:snk-aml2ux 
035 |a urn:nbn:sk:snk-am008lk8 
035 |a DBAB3563-1D1A-4C1D-B52F-42BBDDBDB4EF 
040 |a SNK  |b slo  |c SNK  |e AACR2 
041 0 |a cze 
043 |a e-xo---  |a e-xr---  |a e-un--- 
044 |a xr  |c CZ 
072 7 |a 94(437)  |x Dejiny Česka a Slovenska  |2 konspekt 
080 |a 94(437)  |2 2001 
080 |a 355  |2 1981 
080 |a 94  |2 1981 
080 |a (437)  |2 1981 
080 |a 323.173  |2 2001 
080 |a 355.425  |2 2001 
080 |a 273-674.5  |2 2001 
100 1 |a Mlynárik, Ján,  |d 1933-2012  |4 aut  |9 205423 
245 1 0 |a Osud banderovců a tragédie řeckokatolické církve  |c Ján Mlynárik 
260 |a Praha  |b Libri  |c 2005 
300 |a 95 s.  |c 21 cm 
490 1 |a Otazníky našich dějin 
500 |a 1000 výt. 
504 |a Bibliogr. s. 95-96. Bibliogr. odkazy 
600 1 7 |a Bandera, Stepan,  |d 1908-1959  |2 snkbuxs  |9 397264 
610 2 7 |a Ukrajinská povstalecká armáda  |2 SNKPH  |9 99318 
610 2 7 |a Gréckokatolícka cirkev  |2 SNKPH  |9 32576 
648 7 |a 1945-1950  |2 SNK  |9 286018 
650 0 7 |a náboženská perzekúcia  |2 SNKPH  |9 68303 
650 0 7 |a druhá svetová vojna (1939-1945)  |2 SNKPH  |9 169657 
650 0 7 |a politické súdne procesy  |2 SNKPH  |9 4521 
650 0 7 |a vojenské dejiny  |2 SNKPH  |9 70411 
651 7 |a Slovensko  |x dejiny  |2 SNKPHgeo  |9 13278 
655 7 |a odborné publikácie  |2 SNKPH  |9 60423 
655 7 |a štúdie  |2 SNKPH  |9 57033 
830 0 |a Otazníky našich dějin  |9 397266 
919 |a 80-7277-204-X 
958 |a ZS 
958 |a UA 
958 |a UK 
958 |a RQ 
958 |a NB 
958 |a NT 
999 |c 820432  |d 822362 
952 |a SNK  |b SNK  |y PREZ  |7 0  |p 17A0531013  |o snkSC 125797  |i snk2006/25043  |8 4  |g 4.75  |z 1. vyd.  |0 0  |1 0  |4 0  |d 2006-11-13  |f 1  |l 0  |r 2025-06-11 00:00:00  |w 2026-02-24